000 00721nam a22002057a 4500
003 OSt
005 20251104092429.0
008 251104b |||||||| |||| 00| 0 eng d
020 _a0-89061-882-8E.
040 _aDWCL-Main lib
_cOC
082 _aCirc. 372.4 Or64b 1998
100 _aOrciuch, Christine Lurd
245 _aBest nonfiction :
_bintroductory level : 7 selections for young people with lessons for teaching the basic elements of nonfiction
_cOrciuch, Christine Lurd
260 _aIll. :
_bJamestown Pub.,
_cc1998.
300 _aIX, 227 pages :
_billustration ;
_c23 cm.
650 _21. Literature-Study and teaching.
650 _22. Reading.
700 _aKnight, Theodore
942 _2ddc
_cBK-CIRC
_kCirc.
_n0
999 _c5441
_d5441